Cargando...
Parama sakdhatkaaram /
| Autor Principal: | |
|---|---|
| Formato: | Printed Book |
| Idioma: | Malayalam |
| Publicado: |
Kozhikode :
Bodhi ,
1992.
|
| LEADER | 00470nam a2200145Ia 4500 | ||
|---|---|---|---|
| 008 | 150624b xxu||||| |||| 00| | mal d | ||
| 082 | |a 294.54 | ||
| 100 | |a Osho | ||
| 245 | |c Osho |a Parama sakdhatkaaram / | ||
| 260 | |a Kozhikode : |b Bodhi , |c 1992. | ||
| 300 | |a 112 p. | ||
| 546 | |a In Malayalam. | ||
| 942 | |c BK | ||
| 999 | |c 83111 |d 83111 | ||
| 952 | |0 0 |1 0 |4 0 |6 294_540000000000000_OSH_P_M |7 0 |9 83055 |a UL |b UL |c ST2 |d 1998-08-28 |l 1 |m 5 |o 294.54 OSH/P M |p 66710 |r 2021-03-10 |s 2020-03-03 |w 2012-10-27 |y BK | ||